Συγκριτισμός και ιστορία της λογοτεχνίας

Αποθηκεύτηκε σε:
Λεπτομέρειες βιβλιογραφικής εγγραφής
Κύριος συγγραφέας: Σιαφλέκης, Ζάχος Ι.
Μορφή: Βιβλίο
Γλώσσα:Greek
Δημοσίευση: Αθήνα : Επικαιρότητα , 1988
Έκδοση:2η έκδ.
Θέματα:
Ετικέτες: Προσθήκη ετικέτας
Δεν υπάρχουν, Καταχωρήστε ετικέτα πρώτοι!

MARC

LEADER 00000cam a2200000 i 4500
001 1/102736
008 950509s1988 gr | ||| |||| ||gre||
035 |l 10012622 
040 |a GR-MY-UA  |b gre  |e aacr 
041 0 |a gre 
082 0 |a 809 
100 1 |a Σιαφλέκης, Ζάχος Ι. 
245 1 0 |a Συγκριτισμός και ιστορία της λογοτεχνίας /  |c Ζ. Ι. Σιαφλέκης 
250 |a 2η έκδ. 
260 |a Αθήνα :   |b Επικαιρότητα ,   |c 1988 
300 |a 212 σ. 
504 |a Περιέχει πίνακα ονομάτων και επιλογή βιβλιογραφίας 
650 0 0 |a Literature  |x History and criticism. 
650 0 0 |a Comparative literature. 
852 |a INST  |b LESVOS  |e 19950509  |h 809 ΣΙΑ  |p 005100001092  |q 005100001092  |t BK  |y 0 
909 |a Λ  |b 021535 
922 |a 1ΔΩΡ  |b 199112